000 02939cam a22012014i 4500
003 PE-LiUPU
005 20250813185413.0
008 180108s1985 r 000 0 spa d
020 _a0029346800
035 _a(Sirsi) a240909
082 0 4 _a394
_bZ68
_223
100 1 _aZerubavel, Eviatar,
_eautor.
245 _aThe seven day circle :
_b the history and meaning of the week /
_c Eviatar Zerubavel.
264 1 _aNew York :
_b The Free Press ;
_aLondon:
_bCollier Macmillan,
_c1985.
300 _axiv, 206 páginas :
_bilustraciones ;
_c 25centímetros
336 _atext
_2rdacontent
337 _aunmediated
_2rdamedia
338 _avolume
_2rdacarrier
504 _aBibliografía : páginas 172-190.
504 _aÍndices : páginas 193-206.
505 0 _aThe origins of the seven-day week -- The seven-day wars -- Cultural variations on a theme -- The harmonics of timekeeping -- Living with the week -- Experiencing the week -- Culture, not nature.
526 _aP202
526 _aP201
526 _aP163
526 _aP162
526 _aP161
526 _aP160
526 _aP148
526 _aP147
526 _aP146
526 _aP145
526 _aP144
526 _aP143
526 _aP142
526 _aP141
526 _aP140
526 _aP139
526 _aP138
526 _aP137
526 _aP136
526 _aP135
526 _aP134
526 _aP133
526 _aP129
526 _aP128
526 _aP127
526 _aP120
526 _aP119
526 _aP118
526 _aP116
526 _aP115
526 _aP114
526 _aP110
526 _aP109
526 _aP108
526 _aP104
526 _aP103
526 _aP102
526 _aP99
526 _aP98
526 _aP97
526 _aP96
526 _aP95
526 _aP93
526 _aP90
526 _aP89
526 _aP88
526 _aP83
526 _aP82
526 _aP62
526 _aP59
526 _aP58
526 _aP57
526 _aP51
526 _aP49
526 _aP48
526 _aP47
526 _aP29
526 _aP24
526 _aP20
526 _aP19
526 _aP17
526 _aP15
526 _aP14
526 _aP12
526 _aP10
526 _aP09
526 _aP08
526 _aP07
526 _aP06
526 _aP05
526 _aP04
526 _aP01
650 0 4 _aWeek
_xSocial aspects
650 0 4 _aWeek
_xHistory
650 0 4 _aSemana
_xAspectos sociales.
650 0 4 _aSemana
_xHistoria.
910 _adbm
_bebj
_cebj
_d20180108
596 _a1
942 _2ddc
_cBOOK
999 _a394 Z68
_wDEWEY
_c26604
_i77886
_d26604
_e2018-3-21
_f2021-11-11
_g3
_lCCODEBUL1
_mBUL
_n1
_p7.96
_r0
_sY
_tBOOK
_u2018-1-8
_xTEOLOGIA
_PP85
_0COMPRA
_o.STAFF. Colección Teología.
980 _81
_gALBERTO SANCHEZ Responsable de Automatización